|
|
|
|
| LEADER |
00000nab a2200000 a 4500 |
| 001 |
vtls011129316 |
| 003 |
SK-MaSNL |
| 005 |
20260303122242.0 |
| 008 |
230207|1998 xo |||||||||||||||||slo| |
| 015 |
|
|
|a SNBRB
|
| 035 |
|
|
|a (uuid)70de6d2e-dc27-4529-a2c6-6c8ed64f9865
|
| 035 |
|
|
|a (urnnbn)urn:nbn:sk:snk:ar-a09iux
|
| 035 |
|
|
|a urn:nbn:sk:snk-aba70x
|
| 040 |
|
|
|a SNKBUCL
|b slo
|c SNKBUCL
|e AACR2
|
| 041 |
0 |
|
|a slo
|
| 044 |
|
|
|a xo
|c SK
|
| 100 |
1 |
|
|a Majzlan, Oto,
|d 1950-
|4 aut
|9 15247
|
| 245 |
1 |
0 |
|a CHROBÁKY (Coleoptera) NPR DRIEŇOVÁ HORA PRI NOVEJ VIESKE (JUŽNÉ SLOVENSKO)
|c Oto Majzlan, Ivo Rychlík
|
| 700 |
1 |
|
|a Rychlík, Ivo,
|d 1952-
|4 aut
|9 37773
|
| 773 |
0 |
|
|t Natura Carpatica : zborník Východoslovenského múzea
|g Roč. 39, č. 1 (1998), s. 151-167
|
| 954 |
|
|
|a odborná, vedecká literatúra pôvodná (slovenská)
|2 lita
|
| 958 |
|
|
|a OND
|
| 958 |
|
|
|a EUIPO
|
| 958 |
|
|
|a article13
|
| 999 |
|
|
|c 1920003
|d 1921933
|